[Event "40th Olympiad Open"]
[Site "Istanbul TUR"]
[Date "2012.09.09"]
[Round "11.53"]
[Board "3"]
[White "Madrigal, Mariano"]
[Black "El Jawich, Amro"]
[Result "0-1"]
[BlackTitle "FM"]
[WhiteElo "2155"]
[BlackElo "2166"]
[WhiteTeam "Nicaragua"]
[BlackTeam "Lebanon"]
[WhiteFideId "6100961"]
[BlackFideId "5300380"]
[EventDate "2012.08.28"]

1. e4 c5 2. Nc3 a6 3. f4 e6 4. Nf3 d5 5. exd5 exd5 6. d4 Nf6 7. Be2 Nc6 8. Be3
c4 9. Ne5 Bb4 10. O-O Bxc3 11. bxc3 O-O 12. Bf3 Qa5 13. Qd2 Ne8 14. g4 Ne7 15.
g5 Nd6 16. a4 Kh8 17. Kh1 f6 18. Ng4 Bxg4 19. Bxg4 Ne4 20. Qe1 f5 21. Bh5 g6 22.
Bf3 Qxc3 23. Qxc3 Nxc3 24. Bd2 Ne4 25. Bb4 Rf7 26. Bxe4 dxe4 27. Rab1 Nd5 28.
Bd6 b6 29. Rb2 Rd7 30. Be5+ Kg8 31. Kg1 c3 32. Rb3 Rc8 33. Kf2 Rc4 34. Ra1 Kf7
35. Ke2 Ke6 36. h4 Nb4 37. Rc1 a5 38. Kd1 Rb7 39. Ke2 Kd5 40. Ke3 Kc6 41. Ke2
Nd5 42. Ra1 b5 43. axb5+ Rxb5 44. Rxb5 Kxb5 45. h5 Rb4 46. hxg6 hxg6 47. Rh1 a4
48. Rh8 Rb2 49. Rb8+ Kc6 50. Rc8+ Kb7 51. Rc5 Rxc2+ 52. Kd1 Ne3+ 53. Ke1 a3 0-1

[Event "40th Olympiad Open"]
[Site "Istanbul TUR"]
[Date "2012.09.09"]
[Round "11.54"]
[Board "1"]
[White "Efimov, Igor"]
[Black "Nanjo, Ryosuke"]
[Result "1-0"]
[WhiteTitle "GM"]
[BlackTitle "CM"]
[WhiteElo "2416"]
[BlackElo "2316"]
[WhiteTeam "Monaco"]
[BlackTeam "Japan"]
[WhiteFideId "806404"]
[BlackFideId "7000634"]
[EventDate "2012.08.28"]

1. d4 f5 2. Bg5 h6 3. Bh4 g5 4. Bg3 Bg7 5. e3 d6 6. h4 g4 7. Nc3 e5 8. dxe5 dxe5
9. Qxd8+ Kxd8 10. O-O-O+ Bd7 11. h5 Nc6 12. Bc4 Ke8 13. Bf7+ Ke7 14. Bg6 Be6 15.
Nge2 Kf8 16. f3 gxf3 17. gxf3 Nge7 18. Bh4 a6 19. e4 Nxg6 20. hxg6 f4 21. Nd5
Rc8 22. c3 Rg8 23. b3 Bxd5 24. exd5 Ne7 25. d6 cxd6 26. Rxd6 Nf5 27. Rd7 Rb8 28.
Rf7+ 1-0

[Event "40th Olympiad Open"]
[Site "Istanbul TUR"]
[Date "2012.09.09"]
[Round "11.54"]
[Board "2"]
[White "Watanabe, Akira"]
[Black "Villegas, Pierre"]
[Result "1/2-1/2"]
[WhiteTitle "FM"]
[WhiteElo "2278"]
[BlackElo "2249"]
[WhiteTeam "Japan"]
[BlackTeam "Monaco"]
[WhiteFideId "7000227"]
[BlackFideId "654183"]
[EventDate "2012.08.28"]

1. d4 d5 2. c4 e6 3. Nc3 Be7 4. cxd5 exd5 5. Bf4 c6 6. Qc2 Bg4 7. e3 Bh5 8. Bd3
Bg6 9. Bxg6 hxg6 10. Nge2 Nf6 11. h3 Nbd7 12. O-O O-O 13. Rad1 Nb6 14. f3 Nh5
15. Bh2 Nc4 16. Rd3 Bd6 17. e4 Bxh2+ 18. Kxh2 g5 19. b3 Nb6 20. Qd2 Qd6+ 21. e5
Qh6 22. f4 gxf4 23. Nxf4 Nxf4 24. Rxf4 f6 25. Ne2 fxe5 26. dxe5 Nd7 27. Rxf8+
Nxf8 28. Qb4 b6 29. Ng1 c5 30. Qg4 d4 31. Rg3 Re8 32. Qe4 Re6 33. Qd5 Qf4 34.
Nf3 d3 35. Qxd3 Rg6 36. Qc4+ Qxc4 37. bxc4 Re6 38. Rg4 a6 39. Re4 Rc6 40. Ng5
Ne6 41. Nxe6 Rxe6 42. Kg3 Rg6+ 43. Kf3 Kf7 44. g4 Rh6 45. Kg3 g5 46. a4 Ke6 47.
Re3 Rh8 48. Re2 1/2-1/2

[Event "40th Olympiad Open"]
[Site "Istanbul TUR"]
[Date "2012.09.09"]
[Round "11.54"]
[Board "4"]
[White "Iwasaki, Yudai"]
[Black "Nelis, Jean-Francois"]
[Result "0-1"]
[WhiteTitle "CM"]
[WhiteElo "2137"]
[BlackElo "2207"]
[WhiteTeam "Japan"]
[BlackTeam "Monaco"]
[WhiteFideId "7000626"]
[BlackFideId "623830"]
[EventDate "2012.08.28"]

1. e4 e6 2. Nf3 d5 3. Nc3 Nf6 4. e5 Ng8 5. d4 b6 6. a4 Bb4 7. Bd2 Bxc3 8. Bxc3
a5 9. Bd3 Ba6 10. O-O Bxd3 11. Qxd3 Nc6 12. Bd2 Nge7 13. c3 h6 14. Kh1 Qd7 15.
Ng1 Ng6 16. f4 Nge7 17. Nf3 h5 18. Nh4 g6 19. b4 Nf5 20. Nxf5 exf5 21. e6 fxe6
22. b5 Ne7 23. Rae1 Kf7 24. Rf3 Rhe8 25. Re2 Rad8 26. Be1 Ng8 27. Bh4 Nf6 28. h3
Rc8 29. Rb2 Ne4 30. Rf1 Qd6 31. c4 c6 32. bxc6 dxc4 33. Qxc4 Rxc6 34. Qa6 Rec8
35. Rfb1 Qxf4 36. Be1 Rc1 37. Rxb6 Ng3+ 38. Kg1 Qe3+ 39. Kh2 Ne2 40. Rb7+ Kg8
41. Bf2 Qf4+ 0-1

[Event "40th Olympiad Open"]
[Site "Istanbul TUR"]
[Date "2012.09.09"]
[Round "11.55"]
[Board "1"]
[White "Al-Zendani, Zendan"]
[Black "Mohamed, Hassan MDV"]
[Result "1-0"]
[WhiteTitle "IM"]
[WhiteElo "2363"]
[BlackElo "1790"]
[WhiteTeam "Yemen"]
[BlackTeam "Maldives"]
[WhiteFideId "9400249"]
[BlackFideId "16700058"]
[EventDate "2012.08.28"]

1. d4 Nf6 2. Nf3 g6 3. g3 Bg7 4. Bg2 d6 5. c4 O-O 6. Nc3 Nbd7 7. O-O a6 8. Qc2
Rb8 9. a4 c6 10. a5 h6 11. e4 e5 12. dxe5 dxe5 13. Rd1 Qc7 14. h3 b6 15. axb6
Nxb6 16. Nxe5 Re8 17. c5 Nbd7 18. Nd3 Ne5 19. Nxe5 Rxe5 20. Bf4 Nh5 21. Bxe5
Qxe5 22. Rd8+ Kh7 23. Na4 Qc7 24. Rad1 Rb4 25. R8d6 Be6 26. Rxe6 fxe6 27. b3 Rb8
28. Rd6 Be5 29. Rd3 Qa5 30. Qd1 Qb4 31. f4 Bg7 32. Kh2 Rf8 33. Bf3 Nf6 34. Qe2
Qb8 35. e5 Nd5 36. Bxd5 exd5 37. Nb6 Rf7 38. Qg4 Rc7 39. f5 gxf5 40. Qxf5+ Kh8
41. Nd7 Rxd7 42. Qxd7 Qxe5 43. Rd2 Qe3 44. Rg2 Qxc5 45. Qc8+ Bf8 46. Qf5 Qd6 47.
Re2 d4 48. Qf7 Qb4 49. h4 1-0

[Event "40th Olympiad Open"]
[Site "Istanbul TUR"]
[Date "2012.09.09"]
[Round "11.55"]
[Board "2"]
[White "Ahmed, Fuad"]
[Black "Faraj, Yahya"]
[Result "0-1"]
[BlackTitle "FM"]
[WhiteElo "1830"]
[BlackElo "2243"]
[WhiteTeam "Maldives"]
[BlackTeam "Yemen"]
[WhiteFideId "16700023"]
[BlackFideId "9400184"]
[EventDate "2012.08.28"]

1. d4 Nf6 2. Nf3 c5 3. d5 d6 4. c4 e5 5. Nc3 Be7 6. e4 O-O 7. Be2 Na6 8. O-O Nc7
9. Ne1 Nd7 10. Bg4 a6 11. Nd3 b5 12. b3 bxc4 13. bxc4 Nb6 14. Bxc8 Qxc8 15. Nb2
f5 16. f3 f4 17. g4 fxg3 18. hxg3 Qh3 19. Qe1 Rf6 20. Kf2 Raf8 21. Ke3 Qg2 22.
f4 exf4+ 23. gxf4 Rxf4 24. Rxf4 Rxf4 25. Kd3 Rf1 26. Qd2 Rf3+ 0-1

[Event "40th Olympiad Open"]
[Site "Istanbul TUR"]
[Date "2012.09.09"]
[Round "11.56"]
[Board "1"]
[White "Elarbi, Abobker"]
[Black "Tsang, Hon Ki"]
[Result "0-1"]
[WhiteElo "2259"]
[BlackElo "2084"]
[WhiteTeam "Libya"]
[BlackTeam "Hong Kong"]
[WhiteFideId "9200355"]
[BlackFideId "6000185"]
[EventDate "2012.08.28"]

1. d4 f5 2. Nf3 Nf6 3. c4 g6 4. g3 Bg7 5. Bg2 O-O 6. O-O d6 7. Nc3 e6 8. Qd3 Nc6
9. Rd1 Qe8 10. e4 e5 11. dxe5 dxe5 12. Bg5 Nb4 13. Qe2 fxe4 14. Nxe4 Nxe4 15.
Qxe4 c6 16. a3 Bf5 17. Qh4 Nd3 18. Ra2 e4 19. Nd2 Nxf2 20. Kxf2 Bg4+ 21. Ke1
Bxd1 22. Kxd1 e3 23. Ne4 Qd7+ 24. Kc2 Rf2+ 25. Nxf2 Qd2+ 26. Kb3 Qxf2 27. Qe4 e2
28. Bd2 Rd8 29. Bb4 c5 30. Bxc5 Qxg2 31. Qxg2 e1=Q 32. Bb4 Rd3+ 33. Ka4 Qe8+ 34.
Ka5 b6+ 35. Ka6 Qa4+ 36. Kb7 Rd7+ 37. Kc8 Rf7 38. Qd5 Qa6+ 39. Kd8 Bf6+ 40. Be7
Bxe7+ 41. Kd7 Bf6+ 42. Kd6 b5+ 43. Kc5 Qb6+ 44. Kb4 a5+ 45. Kb3 Qe3+ 46. Kc2
Qe2+ 47. Kb3 bxc4+ 48. Ka4 Qc2+ 49. Kxa5 Qb3 50. Ra1 Kg7 51. Qa8 Bd8+ 0-1

[Event "40th Olympiad Open"]
[Site "Istanbul TUR"]
[Date "2012.09.09"]
[Round "11.56"]
[Board "3"]
[White "Al-Zayat, Ahmed"]
[Black "Scott, Ian"]
[Result "1-0"]
[WhiteTitle "FM"]
[WhiteElo "1977"]
[BlackElo "1725"]
[WhiteTeam "Libya"]
[BlackTeam "Hong Kong"]
[WhiteFideId "9200380"]
[BlackFideId "6000878"]
[EventDate "2012.08.28"]

1. d4 c5 2. e3 g6 3. Nf3 Bg7 4. Be2 Nf6 5. O-O cxd4 6. exd4 O-O 7. c4 d5 8. c5
Bg4 9. Nc3 a6 10. h3 Bxf3 11. Bxf3 e6 12. Qb3 Qd7 13. Bf4 Nc6 14. Rfd1 Rfd8 15.
Na4 Na5 16. Qc2 Qe8 17. Nb6 Nd7 18. Nxa8 Rxa8 19. Bd2 Nc6 20. Bc3 Rc8 21. Qa4
Qe7 22. Re1 Qh4 23. Qb3 Nxd4 24. Qxb7 Nxf3+ 25. gxf3 Rd8 26. Bxg7 Kxg7 27. Qc7
Qg5+ 28. Kh1 Qf6 29. c6 Nc5 30. Qe5 Nd3 31. Qxf6+ Kxf6 32. Re2 Rc8 33. Rd2 Ne5
34. f4 Nc4 35. Rc2 Rc7 36. Rac1 Kf5 37. b3 Nd6 38. Kg2 Kxf4 39. Rc5 d4 40. a4
Ne4 41. Ra5 Nc3 42. Rxa6 Ke5 43. b4 Na2 44. Re1+ Kd6 45. b5 Nb4 46. Ra8 Kc5 47.
Rc1+ Kb6 48. a5+ Kxb5 49. Rb8+ Ka6 50. Rxb4 e5 51. Rb6+ Ka7 52. Rcb1 d3 53. Rb7+
Rxb7 54. cxb7 Kb8 55. a6 1-0

[Event "40th Olympiad Open"]
[Site "Istanbul TUR"]
[Date "2012.09.09"]
[Round "11.56"]
[Board "4"]
[White "Chan, Chak Man"]
[Black "Asabri, Hussien"]
[Result "0-1"]
[BlackTitle "FM"]
[WhiteElo "1818"]
[BlackElo "2211"]
[WhiteTeam "Hong Kong"]
[BlackTeam "Libya"]
[WhiteFideId "6001300"]
[BlackFideId "9200177"]
[EventDate "2012.08.28"]

1. e4 e5 2. f4 exf4 3. Nf3 Ne7 4. d4 d5 5. e5 Ng6 6. h4 h5 7. Bd3 Be7 8. Bxg6
fxg6 9. Bxf4 O-O 10. Bg5 Bg4 11. Bxe7 Qxe7 12. Qd3 c5 13. c3 cxd4 14. cxd4 Qb4+
15. Nbd2 Bxf3 16. gxf3 Nc6 17. O-O-O Qxd4 18. Nb3 Qxd3 19. Rxd3 Nxe5 20. Rxd5
Rae8 21. Nc5 b6 22. Nd7 Rc8+ 23. Kb1 Nxd7 24. Rxd7 Rxf3 25. Rxa7 Rf2 26. Rb7 Rc6
27. Re1 g5 28. hxg5 Rg2 29. a3 Rxg5 30. Rh1 Rh6 31. Rd1 Rc6 32. Rh1 Kh7 33. Rh2
Rh6 34. Rb8 h4 35. Re2 h3 36. Ree8 h2 37. Rh8+ Kg6 38. Rxb6+ Kh5 0-1

[Event "40th Olympiad Open"]
[Site "Istanbul TUR"]
[Date "2012.09.09"]
[Round "11.57"]
[Board "3"]
[White "Abrantes, Persson"]
[Black "Dineley, Richard"]
[Result "0-1"]
[WhiteElo "1967"]
[BlackElo "2259"]
[WhiteTeam "Mozambique"]
[BlackTeam "Wales"]
[WhiteFideId "14800063"]
[BlackFideId "1800680"]
[EventDate "2012.08.28"]

1. d4 d5 2. c4 e6 3. Nc3 c6 4. e3 Nf6 5. Bd3 Nbd7 6. f3 dxc4 7. Bxc4 b5 8. Bd3
a6 9. Nge2 c5 10. a3 Bb7 11. O-O Qb8 12. Ne4 Be7 13. b3 cxd4 14. exd4 Nd5 15. b4
O-O 16. Qc2 Rc8 17. Nc5 N7f6 18. Qd2 Rd8 19. Bb2 Bc6 20. Rac1 Qb6 21. Qg5 a5 22.
Qh4 axb4 23. axb4 Nxb4 24. Bxh7+ Nxh7 25. Qxe7 Nd5 26. Qh4 Nhf6 27. g4 Ra2 28.
Nd3 Ne3 29. Rf2 Nc4 30. g5 Nd5 31. g6 fxg6 32. Rg2 Be8 33. Rg3 Nxb2 34. Rh3 Nxd3
35. Qh8+ Kf7 36. Rh7 Ke7 37. Qxg7+ Bf7 38. Qxf7+ Kd6 39. Qxg6 Nxc1 40. Qg3+ Kc6 0-1

[Event "40th Olympiad Open"]
[Site "Istanbul TUR"]
[Date "2012.09.09"]
[Round "11.58"]
[Board "2"]
[White "Fekadu, Desalegn Jimma"]
[Black "Mustafa, Wail"]
[Result "1-0"]
[WhiteElo "2149"]
[BlackElo "2075"]
[WhiteTeam "Ethiopia"]
[BlackTeam "Palestine"]
[WhiteFideId "15700070"]
[BlackFideId "4672062"]
[EventDate "2012.08.28"]

1. d4 d5 2. c4 e6 3. Nf3 Nf6 4. e3 Nbd7 5. Nbd2 c5 6. Be2 Bd6 7. O-O Ne4 8. Qc2
f5 9. Rd1 cxd4 10. exd4 O-O 11. Qb3 Ndf6 12. Ne5 Nxd2 13. Bxd2 Kh8 14. Bg5 Qc7
15. Bxf6 gxf6 16. Nf3 Qf7 17. cxd5 exd5 18. Nh4 Rg8 19. Bf3 Be6 20. Re1 Rad8 21.
Re2 Bf8 22. Rae1 Bc8 23. Qd3 Bb4 24. Rc1 a6 25. Kh1 Bf8 26. g3 f4 27. Rec2 Bd6
28. Qb3 Bb8 29. Bxd5 Qxd5+ 30. Qxd5 Rxd5 31. Rxc8 Ba7 32. Nf3 fxg3 33. hxg3 Bb6
34. Rxg8+ Kxg8 35. Rc4 Kf7 36. Kg2 Ke6 37. Kf1 Kd6 38. Ke2 Ra5 39. a4 Rh5 40.
Nh4 Ba7 41. Kd3 a5 42. Rc8 Kd7 43. Rf8 Rd5 44. Nf3 Ke7 45. Rh8 Rh5 46. Ra8 Bb6
47. Rb8 Kd6 48. Rxb7 Bd8 49. Nd2 Rh2 50. f3 Rh3 51. g4 h5 52. gxh5 Rxh5 53. Ra7
Rd5 54. Ra6+ Kd7 55. Ne4 Rf5 56. Nc5+ Ke8 57. Ke4 Rh5 58. Ne6 Rh4+ 59. f4 Rh2
60. Ra8 1-0

[Event "40th Olympiad Open"]
[Site "Istanbul TUR"]
[Date "2012.09.09"]
[Round "11.60"]
[Board "1"]
[White "Chipanga, Chiletso"]
[Black "Harper, Ryan"]
[Result "1-0"]
[WhiteTitle "CM"]
[BlackTitle "FM"]
[WhiteElo "2116"]
[BlackElo "2222"]
[WhiteTeam "Malawi"]
[BlackTeam "Trinidad & Tobago"]
[WhiteFideId "16400119"]
[BlackFideId "7700156"]
[EventDate "2012.08.28"]

1. e4 e5 2. Nf3 Nc6 3. Bb5 a6 4. Bxc6 dxc6 5. h3 Nf6 6. O-O Bc5 7. c3 O-O 8. d4
exd4 9. cxd4 Bb6 10. Nc3 Re8 11. Re1 Ba5 12. Bg5 h6 13. Bh4 c5 14. Bxf6 Qxf6 15.
Qa4 c6 16. Qxa5 cxd4 17. e5 Qg6 18. Ne2 d3 19. Nf4 Qf5 20. Qd2 c5 21. g4 Qd7 22.
Qxd3 Qa4 23. Nd5 Qc6 24. Rad1 b5 25. Nh4 Bb7 26. Nf5 Kh8 27. Nd6 Rf8 28. Qf5 f6
29. Nxb7 fxe5 30. Ne7 Qxb7 31. Ng6+ Kg8 32. Qe6+ Kh7 33. Nxf8+ Rxf8 34. Qxe5 1-0

[Event "40th Olympiad Open"]
[Site "Istanbul TUR"]
[Date "2012.09.09"]
[Round "11.60"]
[Board "2"]
[White "Joseph, Marcus"]
[Black "Mbedza, Richard"]
[Result "1-0"]
[WhiteElo "2206"]
[BlackElo "2045"]
[WhiteTeam "Trinidad & Tobago"]
[BlackTeam "Malawi"]
[WhiteFideId "7700393"]
[BlackFideId "16400143"]
[EventDate "2012.08.28"]

1. e4 e5 2. d4 exd4 3. Bc4 Qe7 4. Ne2 Qb4+ 5. Nd2 Nc6 6. O-O d6 7. c3 dxc3 8.
bxc3 Qc5 9. Nf4 Ne5 10. Be2 Nf6 11. Nb3 Qc6 12. Nd5 Qd7 13. Nxf6+ gxf6 14. f4
Ng6 15. Nd4 a6 16. Qb3 c6 17. Ba3 Qc7 18. Rad1 Be7 19. Bh5 c5 20. Nf5 c4 21. Qc2
d5 22. Nxe7 Nxe7 23. exd5 O-O 24. d6 Qb6+ 25. Qf2 Qxf2+ 26. Kxf2 Ng6 27. Bxg6
Bg4 28. Be4 Bxd1 29. Rxd1 Rfd8 30. d7 f5 31. Bxb7 Rab8 32. Bxa6 Ra8 33. Be7 Rxd7
34. Rxd7 Rxa6 35. a3 Kg7 36. Rc7 Re6 37. a4 h6 38. Bc5 Re4 39. Bd4+ Kg6 40. g3
Kh5 41. Rxc4 Re6 42. a5 Rd6 43. Ra4 Ra6 44. Bb6 Kg6 45. Rd4 Ra8 46. c4 Kh5 47.
c5 Kg4 48. c6 1-0

[Event "40th Olympiad Open"]
[Site "Istanbul TUR"]
[Date "2012.09.09"]
[Round "11.61"]
[Board "1"]
[White "Phillips, Roy"]
[Black "Ferster, Fabian"]
[Result "1-0"]
[WhiteTitle "FM"]
[WhiteElo "2257"]
[BlackElo "2144"]
[WhiteTeam "Mauritius"]
[BlackTeam "Liechtenstein"]
[WhiteFideId "404136"]
[BlackFideId "4695330"]
[EventDate "2012.08.28"]

1. b3 e5 2. Bb2 d6 3. e3 Nf6 4. c4 Nc6 5. Nc3 g6 6. Nf3 Bg7 7. d4 exd4 8. Nxd4
Nxd4 9. Qxd4 O-O 10. Be2 Ng4 11. Qd2 Qf6 12. f3 Ne5 13. O-O-O Be6 14. f4 Nc6 15.
g4 Rfe8 16. g5 Qe7 17. Bf3 a5 18. Rhe1 Reb8 19. Ne4 Bf5 20. Nf6+ Bxf6 21. Bxf6
Qf8 22. Ba1 Nb4 23. Qb2 f6 24. a3 Nc2 25. Bd5+ 1-0

[Event "40th Olympiad Open"]
[Site "Istanbul TUR"]
[Date "2012.09.09"]
[Round "11.61"]
[Board "2"]
[White "Kobler, Mario"]
[Black "Seegolam, Pradeep"]
[Result "1/2-1/2"]
[WhiteElo "2099"]
[BlackElo "2041"]
[WhiteTeam "Liechtenstein"]
[BlackTeam "Mauritius"]
[WhiteFideId "12000094"]
[BlackFideId "9700080"]
[EventDate "2012.08.28"]

1. c4 e5 2. g3 Nc6 3. Bg2 Nf6 4. Nc3 Bc5 5. a3 a6 6. e3 O-O 7. Nge2 Re8 8. d3
Rb8 9. b4 Bf8 10. Bb2 Ne7 11. d4 exd4 12. Qxd4 Nc6 13. Qd2 Ne5 14. Nd5 c6 15.
Nxf6+ Qxf6 16. Qc2 Nd3+ 17. Qxd3 Qxb2 18. O-O Qf6 19. b5 axb5 20. cxb5 Ra8 21.
a4 g6 22. a5 Bg7 23. Nd4 Qd6 24. Qa3 Qxa3 25. Rxa3 Bxd4 26. exd4 d5 27. Rc1 Re6
28. a6 bxa6 29. bxc6 Rd6 30. Ra5 Be6 31. c7 Rc8 32. Bf1 Ra8 33. Bb5 Rb6 34. Bc6
Rc8 35. Bxd5 Bh3 36. f3 Bd7 37. Rac5 Kf8 38. Re1 Bb5 39. f4 Bd7 40. Kf2 Rb2+ 41.
Re2 Rb4 42. Ra2 Rb6 43. h4 Ke7 44. Re2+ Kd6 45. Bxf7 Rxc7 46. Rec2 Rbc6 47.
Rxc6+ Bxc6 48. Bg8 Rg7 49. Bc4 Bb5 50. Ke3 Re7+ 51. Kd3 Re1 52. Rb2 Rd1+ 53. Kc2
Rxd4 54. Bxb5 axb5 55. Rxb5 Ke6 56. h5 gxh5 57. Rxh5 Rd7 58. Rg5 Kf6 59. Kc3 Rd8
60. Kc4 Rd1 61. Rd5 Rg1 1/2-1/2

[Event "40th Olympiad Open"]
[Site "Istanbul TUR"]
[Date "2012.09.09"]
[Round "11.62"]
[Board "1"]
[White "Gohil, Mehul"]
[Black "Hamal, Manish"]
[Result "1-0"]
[BlackTitle "FM"]
[WhiteElo "2072"]
[BlackElo "2118"]
[WhiteTeam "Kenya"]
[BlackTeam "Nepal"]
[WhiteFideId "10800999"]
[BlackFideId "12300110"]
[EventDate "2012.08.28"]

1. d4 Nf6 2. c4 e6 3. Nc3 Bb4 4. Qc2 c5 5. Nf3 Nc6 6. dxc5 Bxc5 7. a3 a5 8. e3
O-O 9. Be2 b6 10. O-O Ba6 11. Rd1 Rc8 12. b3 Qc7 13. Bb2 Be7 14. Rac1 Qb8 15. h3
Rfd8 16. Qb1 Bf8 17. Bf1 Ne7 18. Na4 d5 19. Bd4 Nd7 20. cxd5 Rxc1 21. Rxc1 Bxf1
22. dxe6 fxe6 23. Kxf1 Ng6 24. Qe4 Re8 25. Qc6 Qd6 26. Nxb6 Qxc6 27. Rxc6 Nb8
28. Rc8 Rxc8 29. Nxc8 Bxa3 30. Bc3 Nc6 31. Nd4 Nxd4 32. Bxd4 Bb4 33. Ke2 Kf7 34.
Kd3 e5 35. Bc3 Bxc3 36. Kxc3 Ke6 37. Nb6 Nh4 38. Nc4 Nxg2 39. Nxa5 Kd5 40. Nc4
Ne1 41. Nd2 h5 42. b4 e4 43. b5 Nd3 44. b6 Nc5 45. Kb4 Kc6 46. Kc4 h4 47. b7
Nxb7 48. Nxe4 Nd8 49. Ng5 Kd6 50. f4 Nc6 51. Nf3 Ke7 52. Nxh4 Kf6 53. Nf3 Ne7
54. Kd3 Nd5 55. Kd4 Ne7 56. e4 Nc6+ 57. Ke3 Nb4 58. e5+ Ke6 59. Ke4 g6 60. Nd4+
Kf7 61. h4 Ke7 62. Kf3 Nd5 63. Kg4 Ne3+ 64. Kg5 Ng2 65. Nc2 Kf7 66. Kg4 1-0

[Event "40th Olympiad Open"]
[Site "Istanbul TUR"]
[Date "2012.09.09"]
[Round "11.62"]
[Board "4"]
[White "Jaiswal, Rupesh"]
[Black "Magana, Ben"]
[Result "1-0"]
[WhiteElo "1956"]
[BlackElo "2032"]
[WhiteTeam "Nepal"]
[BlackTeam "Kenya"]
[WhiteFideId "12300870"]
[BlackFideId "10800166"]
[EventDate "2012.08.28"]

1. d4 d5 2. Nf3 Nf6 3. Bf4 c5 4. e3 Nc6 5. c3 Qb6 6. Qb3 c4 7. Qxb6 axb6 8. Nbd2
b5 9. Be2 h6 10. O-O b4 11. e4 e6 12. Ne5 Be7 13. Bf3 O-O 14. Rfe1 Re8 15. exd5
Nxd5 16. Bxd5 exd5 17. Nxc6 bxc6 18. Bd6 bxc3 19. bxc3 Be6 20. Bxe7 Rxe7 21. Nf3
Rea7 22. h3 Rxa2 23. Rxa2 Rxa2 24. Ne5 Ra3 25. Re3 Ra6 26. Kh2 Bf5 27. g4 Be4
28. Nxc4 Ra1 29. Nd6 Rh1+ 30. Kg3 Rg1+ 31. Kf4 Rf1 32. Nxe4 dxe4 33. Kxe4 Rxf2
34. d5 cxd5+ 35. Kxd5 h5 36. c4 hxg4 37. hxg4 Rf4 38. c5 Rxg4 39. c6 Rg1 40. Rc3
Rd1+ 41. Kc5 Rd8 42. c7 Rc8 43. Kd6 g5 44. Kd7 Ra8 45. c8=Q+ Rxc8 46. Rxc8+ Kg7
47. Ke7 g4 48. Rf8 Kg6 49. Rxf7 Kg5 50. Ke6 g3 51. Ke5 Kg4 52. Ke4 g2 53. Rg7+ 1-0

[Event "40th Olympiad Open"]
[Site "Istanbul TUR"]
[Date "2012.09.09"]
[Round "11.63"]
[Board "1"]
[White "Blijstra, Wim"]
[Black "Lee, Sanghoon"]
[Result "1-0"]
[BlackTitle "CM"]
[WhiteElo "2206"]
[BlackElo "2126"]
[WhiteTeam "Netherlands Antilles"]
[BlackTeam "South Korea"]
[WhiteFideId "1018000"]
[BlackFideId "13200011"]
[EventDate "2012.08.28"]

1. d4 Nf6 2. c4 g6 3. f3 d5 4. cxd5 Nxd5 5. e4 Nb6 6. Nc3 Bg7 7. Be3 O-O 8. Qd2
Nc6 9. O-O-O f5 10. e5 Nb4 11. Bh6 Be6 12. h4 Nxa2+ 13. Nxa2 Bxa2 14. Bxg7 Kxg7
15. Ne2 Bb3 16. h5 Bxd1 17. hxg6 hxg6 18. Qh6+ Kf7 19. Nf4 Ke8 20. Ne6 Qc8 21.
Nxf8 Bb3 22. Qxg6+ Bf7 23. Qg7 c5 24. Bb5+ Kd8 25. Qxf7 cxd4+ 26. Kb1 1-0

[Event "40th Olympiad Open"]
[Site "Istanbul TUR"]
[Date "2012.09.09"]
[Round "11.63"]
[Board "2"]
[White "Jang, Kyungsik"]
[Black "Mensing, Fabio"]
[Result "1/2-1/2"]
[WhiteElo "1861"]
[BlackElo "2088"]
[WhiteTeam "South Korea"]
[BlackTeam "Netherlands Antilles"]
[WhiteFideId "13201166"]
[BlackFideId "7500149"]
[EventDate "2012.08.28"]

1. c4 c5 2. Nf3 g6 3. e4 Bg7 4. d4 Nc6 5. Be3 d6 6. Nc3 Nf6 7. dxc5 Qa5 8. Bd3
Ng4 9. Bd2 Qxc5 10. O-O Nce5 11. Be2 Bd7 12. Nxe5 Nxe5 13. Be3 Qa5 14. Bd4 O-O
15. Qd2 Nc6 16. Bxg7 Kxg7 17. Rad1 Rac8 18. b3 Be6 19. Kh1 a6 20. f4 f6 21. Rc1
Rc7 22. Qb2 Rcc8 23. a3 Qb6 24. b4 Bg8 25. c5 dxc5 26. Na4 Qc7 27. Nxc5 e5 28.
Bc4 Bxc4 29. Rxc4 Qf7 30. Rc2 Nd4 31. Rd2 Qe7 32. Rfd1 Rfd8 33. g3 Kh8 34. Nb3
Nf3 35. Rxd8+ Rxd8 36. Rxd8+ Qxd8 37. Qe2 Nd4 38. Qd3 Kg7 39. Kg2 Qd6 40. Nxd4
exd4 41. Kf2 h5 42. Ke2 b5 43. Qc2 Qd7 44. Kd3 h4 45. Qf2 hxg3 46. hxg3 Qe6 47.
Qxd4 Qb3+ 48. Qc3 Qd1+ 49. Ke3 Qg1+ 50. Kf3 Qh1+ 51. Ke3 1/2-1/2

[Event "40th Olympiad Open"]
[Site "Istanbul TUR"]
[Date "2012.09.09"]
[Round "11.63"]
[Board "3"]
[White "Izijk, Jimmy"]
[Black "Bae, Junggi"]
[Result "0-1"]
[WhiteElo "2066"]
[BlackElo "1730"]
[WhiteTeam "Netherlands Antilles"]
[BlackTeam "South Korea"]
[WhiteFideId "7500041"]
[BlackFideId "13201298"]
[EventDate "2012.08.28"]

1. d4 Nf6 2. c4 e6 3. Nf3 d5 4. Nc3 Bb4 5. e3 Nbd7 6. Bd2 O-O 7. Qc2 c5 8. cxd5
exd5 9. Be2 Re8 10. O-O c4 11. b3 Bxc3 12. Bxc3 b5 13. a4 bxa4 14. Rxa4 Nb6 15.
Ba5 Bd7 16. Rb4 Qe7 17. bxc4 Nxc4 18. Bxc4 Rec8 19. Ne5 Be6 20. Rfb1 dxc4 21.
Rb7 Qa3 22. Bb4 Qa6 23. Bc5 Bd5 24. R7b5 Be4 25. Qb2 Bxb1 26. Qxb1 c3 27. Rb3
Qe2 28. Rxc3 Rab8 29. Qc1 Rb2 30. Nd3 0-1

[Event "40th Olympiad Open"]
[Site "Istanbul TUR"]
[Date "2012.09.09"]
[Round "11.63"]
[Board "4"]
[White "Baek, Wongi"]
[Black "Maduro, Sherman"]
[Result "1/2-1/2"]
[WhiteElo "1719"]
[BlackElo "2030"]
[WhiteTeam "South Korea"]
[BlackTeam "Netherlands Antilles"]
[WhiteFideId "13200186"]
[BlackFideId "7500122"]
[EventDate "2012.08.28"]

1. e4 d6 2. d4 Nf6 3. Nc3 g6 4. Be2 Bg7 5. Nf3 O-O 6. O-O Nc6 7. h3 e5 8. Be3
Kh8 9. Qd2 Ng8 10. dxe5 Nxe5 11. Nxe5 dxe5 12. Rad1 Be6 13. Qxd8 Rfxd8 14. Rxd8
Rxd8 15. Rd1 Rxd1+ 16. Bxd1 a6 17. Be2 Nf6 18. f3 Bf8 19. a3 Kg7 20. Nb1 Nd7 21.
Nd2 Be7 22. Bc4 Kf6 23. Kf2 h5 24. h4 Bxc4 25. Bg5+ Ke6 26. Bxe7 Bb5 27. Bg5 Bc6
28. Bd8 Kd6 29. Nc4+ Kc5 30. b3 b5 31. Be7+ Kd4 32. Ne3 Kc3 33. Bb4+ Kb2 34. Ke2
Bb7 35. Kd2 c5 36. Nd1+ Ka2 37. Nc3+ Kb2 38. Nd1+ Ka2 39. Nc3+ Kb2 40. Nd1+ Ka2
41. Nc3+ 1/2-1/2